Từ đúng từ sai = Right word wrong word

Spremljeno u:
Bibliografski detalji
Glavni autor: L G Alexander
Format: Knjiga
Jezik:Undetermined
Izdano: Tp. HCM Nxb. Tp. HCM 1995
Teme:
Oznake: Dodaj oznaku
Bez oznaka, Budi prvi tko označuje ovaj zapis!
Thư viện lưu trữ: Trung tâm Học liệu Trường Đại học Cần Thơ
LEADER 00497nam a2200181Ia 4500
001 CTU_28764
008 210402s9999 xx 000 0 und d
082 |a 428.1 
082 |b A377 
100 |a L G Alexander 
245 0 |a Từ đúng từ sai 
245 0 |b = Right word wrong word 
245 0 |c L G Alexander 
260 |a Tp. HCM 
260 |b Nxb. Tp. HCM 
260 |c 1995 
650 |a english language - study and teaching 
980 |a Trung tâm Học liệu Trường Đại học Cần Thơ